00440 2200169 4500001002100000005001500021008004100036020001800077035001900095041000700114082001000121090001600131100002100147245003200168260004400200300002600244INLIS00000000000050620241224112202241224||||||||| | ||| |||| || |  a979-99305-4-5 0010-1224000506 aid0 a362.5 a362.5 EDR p0 aMaman Abdurahman00aPotret Kemiskinan Perempuan aJakartabWomen Research Institutec2006 aviii, 163 hlm.; 22 cm